000 00811cam a2200229 a 4500
001 4035782
005 20251108121305.0
008 980921s1999 njua 001 0 eng
020 _a0133599698
020 _a9780133599695
050 0 0 _aTL152
_b.H18 1999
082 0 0 _a629.28/72
_221
100 1 _aHalderman, James D.,
_d1943-
245 1 0 _aAutomotive technology :
_bprinciples, diagnosis, and service /
_cJames D. Halderman, Chase D. Mitchell.
260 _aUpper Saddle River, N.J. :
_bPrentice Hall,
_cc1999.
300 _axxix, 1026 p. :
_bill. (some col.) ;
_c29 cm. +
_e1 computer laser optical disc (3 3/4 in.)
500 _aIncludes index.
650 0 _aAutomobiles
_xMaintenance and repair.
650 0 _aAutomobiles
_xDesign and construction.
700 1 _aMitchell, Chase D.
942 _2lcc
_cBK
_n0
999 _c8150
_d8150